Recent Studies on Indian Bryophytes : (Record no. 592906)

MARC details
000 -LEADER
fixed length control field 00488nam a2200193 a 4500
008 - FIXED-LENGTH DATA ELEMENTS--GENERAL INFORMATION
fixed length control field 251023s1995##################000#0#eng##
020 ## - INTERNATIONAL STANDARD BOOK NUMBER
ISBN 9788121101059
082 04 - DEWEY DECIMAL CLASSIFICATION NUMBER
Classification number 588.0954
Item number KUM
100 1# - MAIN ENTRY--AUTHOR NAME
Personal name Kumar, S. S.,
245 10 - TITLE STATEMENT
Title Recent Studies on Indian Bryophytes :
260 ## - PUBLICATION, DISTRIBUTION, ETC. (IMPRINT)
Year of publication 1995.
300 ## - PHYSICAL DESCRIPTION
Number of Pages 280 pages
650 #0 - SUBJECT ADDED ENTRY--TOPICAL TERM
Topical Term Bryophytes.
942 ## - ADDED ENTRY ELEMENTS (KOHA)
Koha item type English Books
Holdings
Withdrawn status Lost status Damaged status Not for loan Home library Current library Shelving location Date acquired Full call number Accession Number Price effective from Koha item type
        Anna Centenary Library Anna Centenary Library 5TH FLOOR, B WING 23.10.2025 588.0954 KUM 173578 23.10.2025 English Books

Find us on the map